Blue Archive Halos - Estadísticas

Estadísticas generales
  • Esta prueba ha sido intentada 3 veces
  • La puntuación promedio es 34 de 175
Estadísticas de respuestas
Imagen Respuesta % Correcto
Chidori Michiru
100%
Hoshino Terror
100%
Kenzaki Tsurugi
100%
Sorasaki Hina
100%
Tendou Arisu
100%
Yurizono Seia
100%
Arona
67%
Hanaoka Yuzu
67%
Hayase Yuuka
67%
Imashino Misaki
67%
Izayoi Nonomi
67%
Konuri Maki
67%
Kosaka Wakamo
67%
Kurimura Airi
67%
Kyoyama Kazusa
67%
Misono Mika
67%
Ogata Kanna
67%
Omagari Hare
67%
Shimoe Koharu
67%
Shiraishi Utaha
67%
Shishidou Izumi
67%
Shizuyama Mashiro
67%
Tsukatsuki Rio
67%
Urawa Hanako
67%
Ushio Noa
67%
Uzawa Reisa
67%
Yabuki Shuro
67%
Aikiyo Fuuka
33%
Ajitani Hifumi
33%
Akeboshi Himari
33%
Amami Nodoka
33%
Amau Ako
33%
Asagao Hanae
33%
Asahina Pina
33%
Goryo Nagusa
33%
Hakari Atsuko
33%
Himeki Meru
33%
Ibaragi Yoshimi
33%
Igusa Haruka
33%
Izumimoto Eimi
33%
Jomae Saori
33%
Kadenokouji Yukari
33%
Kasuga Tsubaki
33%
Kawaru Shinon
33%
Kinugawa Kasumi
33%
Kirifuji Nagisa
33%
Kiryuu Kikyou
33%
Kozeki Ui
33%
Kuchinashi Yume
33%
Kuda Izuna
33%
Nanagami Rin
33%
Nomasa Rei
33%
Otohana Sumire
33%
Rikuhachima Aru
33%
Ryuge Kisaki
33%
Saiba Midori
33%
Saiba Momoi
33%
Sakurai Miyo
33%
Shirasu Azusa
33%
Shiroko Terror
33%
Sorai Saki
33%
Sunaokami Shiroko
33%
Tachibana Hikari
33%
Tachibana Nozomi
33%
Tsuchinaga Hiyori
33%
Utazumi Sakurako
33%
Wakaba Hinata
33%
Wanibuchi Akari
33%
Waraku Chise
33%
Akashi Junko
0%
Akeshiro Rumi
0%
Akiizumi Momiji
0%
Amachi Niya
0%
Aomori Mine
0%
Aramaki Yakumo
0%
Arata
0%
Asagi Mutsuki
0%
Asagiri Suou
0%
Asuma Toki
0%
Azuma Mirai
0%
Barbara
0%
Endo Shimiko
0%
Fuwa Renge
0%
Habu Azami
0%
Haine
0%
Hanekawa Hasumi
0%
Hanuma Makoto
0%
Hatami Erika
0%
Hatsune Miku
0%
Himuro Sena
0%
Hinomiya Chinatsu
0%
Hiromi
0%
Ichinose Asuna
0%
Ikekura Marina
0%
Iochi Mari
0%
Isami Kaede
0%
Itagaki Kanoe
0%
Iwabitsu Ayumu
0%
Kadenokouji Kokuriko
0%
Kagami Chihiro
0%
Kakehashi Subaru
0%
Kakudate Karin
0%
Kasumizawa Miyu
0%
Kawawa Shizuko
0%
Kayama Reijo
0%
Kazekura Moe
0%
Kazemaki Mai
0%
Kinui Rena
0%
Kiyosumi Akira / Miria
0%
Komakaze Rabu
0%
Konoe Mina
0%
Konoka
0%
Kurihama Akemi
0%
Kurodate Haruna
0%
Kuromi Serika
0%
Kurosaki Koyuki
0%
Kurumi
0%
Kuwakami Kaho
0%
Kuzunoha
0%
Kyogoku Satsuki
0%
Malkuth
0%
Mayoi Shigure
0%
Mikamo Neru
0%
Misaka Mikoto
0%
Miyoshi Takane
0%
Mizuha Mimori
0%
Morizuki Suzumi
0%
Motomiya Chiaki
0%
Murokasa Akane
0%
Nakamasa Ichika
0%
Nakatsukasa Kirino
0%
Nanakado Ayame
0%
Natsume Iroha
0%
Nekozuka Hibiki
0%
Nemugaki Fubuki
0%
Niko
0%
Oki Aoi
0%
Okusora Ayane
0%
Onikata Kayoko
0%
Ono Tsukuyo
0%
Otogi
0%
Otose Kotama
0%
Plana
0%
Renkawa Cherino
0%
Sashiro Tomoe
0%
Saten Ruiko
0%
Satohama Umika
0%
Shichido Yukino
0%
Shiina Tsumugi
0%
Shimokura Megu
0%
Shintani Kai / Riku
0%
Shiranui Kaya
0%
Shirao Eri
0%
Shiromi Iori
0%
Shokuhou Misaki
0%
Sora
0%
Sumi Serina
0%
Sumomo
0%
Sunohara Kokona
0%
Sunohara Shun
0%
Tachiki Maia
0%
Takanashi Hoshino
0%
Tanga Ibuki
0%
Toyomi Kotori
0%
Tsukiyuki Miyako
0%
Urushibara Kaguya
0%
Ushimaki Juri
0%
Usuba Ritsu
0%
Utsumi Aoba
0%
Wakasa Fuyu
0%
Yakushi Saya
0%
Yasumori Minori
0%
Yozakura Kirara
0%
Yuragi Momoka
0%
Yutori Natsu
0%
No se encontraron pruebas coincidentes
Distribución de puntuación
Porcentaje de gente con cada puntuación
Porcentaje por número respondido
Historial de tus puntuaciones
No has intentado esta prueba.